00920nam a22001937a 4500003000400000005001700004008004100021020001800062040003400080082002300114100003900137245005900176250004600235264005400281300002800335520029900363650002200662651004200684OSt20220602124718.0150807s2015 pe 000 0 spa  a9786124406058 cBiblioteca Municipal de Cusco a372.52085/H51bH51 aHiga Oshiro, Augustod1946-eautor aJapón no da dos oportunidades /cAugusto Higa Oshiro aSegunda edición, primera reimpresión. 1aLima :bAnimal de Invierno,bLibro & Arte,c2020. a270 páginas ;c22 cm. aTestimonio del autor sobre su experiencia laboral en Gunma-Tokio-Japon durante 18 meses, en condición de dekasegui (trabajador en tierra lejana), incluye información sobre la productividad de la industria japonesa y las difíciles y duras condiciones sociales y de trabajo para los nikkei. aPeruanoszJapón aJapónxEmigración e inmigración